Náročnosť, alebo odvaha ? Na KI SOI evidujú už 223 sťažností

Bibliographic Details
Main Author: /nš (Author)
Corporate Author: Krajský inšpektorát Slovenskej obchodnej inšpekcie, Košice (Author)
Format: Article
Language:Slovak
Subjects:

MARC

LEADER 00000nab a2200000 a 4500
001 vtls000914510
003 SK-MaSNL
005 20260302174023.0
008 190318e19910410xo 0 slo
035 |a KE23402 
040 |a KEVKJB  |b slo  |c KEVKJB  |e AACR2 
041 0 |a slo 
044 |a xo  |c SK 
080 |a 351.824.5  |2 1981 
100 0 |a /nš/  |4 aut  |9 882305 
245 1 0 |a Náročnosť, alebo odvaha ?  |b Na KI SOI evidujú už 223 sťažností 
610 2 7 |a Krajský inšpektorát Slovenskej obchodnej inšpekcie, Košice  |2 KEVKJB  |9 878333 
650 0 7 |a sťažnosti  |2 KEVKJB  |9 459150 
650 0 7 |a množstvo  |2 KEVKJB  |9 883013 
650 0 7 |a prešetrovanie  |2 KEVKJB  |9 883014 
651 7 |a KE,  |2 KEVKJB  |9 877256 
655 7 |a periodikum  |2 snkbucl  |9 29553 
710 2 |a Krajský inšpektorát Slovenskej obchodnej inšpekcie, Košice  |4 aut  |9 878333 
773 0 8 |t Slovenský východ  |g Roč. 1  |g Roč. 20, č.84, 10.4.1991, s. 3 
852 |a ZVYKNI  |b KIS3GCP 
999 |c 1402866  |d 1404796